000
00293nam a2200109Ia 4500
008
200302s9999 xx 000 0 und d
100
_a
Lesley Brown ED.,
245
_a
The new Shorter Oxford English Dictionary Vol 2 N-Z
260
_b
Clarendon Press Oxford
260
_c
1993
300
_a
3801 P.,
999
_c
1653
_d
1653